[Event "Wch Blitz (Women)"]
[Site "Samarkand"]
[Date "2023.12.29"]
[Round "4"]
[White "Munguntuul, Batkhuyag"]
[Black "Hejazipour, Mitra"]
[Result "1-0"]
[WhiteElo "2381"]
[BlackElo "2356"]
[PlyCount "91"]
[EventDate "2023.12.29"]
[EventType "swiss (blitz)"]
[EventRounds "17"]
[EventCountry "UZB"]
[SourceTitle "CB01_2024"]
[SourceDate "2024.01.03"]
[SourceVersion "1"]
[SourceVersionDate "2024.01.03"]
[SourceQuality "1"]

1. e4 c5 2. Nf3 e6 3. d4 cxd4 4. Nxd4 Nc6 5. Nc3 Qc7 6. Be2 a6 7. 0-0 Nf6 8. Be3 Bb4 9. Nxc6 bxc6 10. Qd4 c5 11. Qc4 d6 12. a3 Ba5 13. e5 dxe5 14. Bxc5 Nd7 15. Bb4 Qxc4 16. Bxc4 Bxb4 17. axb4 Nb6 18. Bd3 Ke7 19. Ra5 f6 20. Rfa1 Rd8 21. Bxa6 Bxa6 22. Rxa6 Rxa6 23. Rxa6 Nd5 24. Nxd5+ exd5 25. Ra7+ Kf8 26. Kf1 Rc8 27. c3 d4 28. cxd4 exd4 29. Rd7 Rc4 30. Rb7 Rc2 31. b5 Rxb2 32. b6 d3 33. Ke1 Re2+ 34. Kd1 Rxf2 35. Rc7 Rxg2 36. b7 Rb2 37. Rc8+ Kf7 38. b8Q Rxb8 39. Rxb8 Kg6 40. Kd2 Kf5 41. Rb7 g5 42. Rxh7 Ke4 43. Re7+ Kf3 44. Rf7 Kg2 45. Rxf6 g4 46. Rh6 1-0

[Event "Wch Blitz (Women)"]
[Site "Samarkand"]
[Date "2023.12.29"]
[Round "9"]
[White "Munguntuul, Batkhuyag"]
[Black "Lagno, Kateryna"]
[Result "0-1"]
[WhiteElo "2381"]
[BlackElo "2542"]
[PlyCount "92"]
[EventDate "2023.12.29"]
[EventType "swiss (blitz)"]
[EventRounds "17"]
[EventCountry "UZB"]
[SourceTitle "CB01_2024"]
[SourceDate "2024.01.03"]
[SourceVersion "1"]
[SourceVersionDate "2024.01.03"]
[SourceQuality "1"]

1. e4 e5 2. Nf3 Nc6 3. Bb5 a6 4. Ba4 d6 5. c3 Bd7 6. 0-0 g6 7. d4 Bg7 8. Re1 Nf6 9. h3 0-0 10. Nbd2 exd4 11. cxd4 Nb4 12. Bxd7 Qxd7 13. Nf1 Rae8 14. a3 Nc6 15. Ng3 d5 16. e5 Ne4 17. Bf4 f5 18. Rc1 Nd8 19. Rc2 Ne6 20. Qc1 c6 21. h4 Rc8 22. Ne2 Qe7 23. g3 Rc7 24. Be3 Rfc8 25. b4 b6 26. Qb1 h6 27. Nh2 g5 28. f3 Nxg3 29. Nxg3 f4 30. Nf5 Qf7 31. Nd6 Qh5 32. Bf2 Rf8 33. Ng4 gxh4 34. Kh2 Ng5 35. Qd1 Qg6 36. Rc3 h5 37. Nf6+ Bxf6 38. exf6 Qxf6 39. Ne8 Qf5 40. Nxc7 Qh3+ 41. Kg1 Rf7 42. Re8+ Kh7 43. Qc2+ Ne4 44. Rxe4 Rg7+ 45. Bg3 Rxg3+ 46. Kf2 Rg2+ 0-1

[Event "Wch Rapid (Women)"]
[Site "Samarkand"]
[Date "2023.12.28"]
[Round "11"]
[White "Nurgali, Nazerke"]
[Black "Munguntuul, Batkhuyag"]
[Result "1/2-1/2"]
[WhiteElo "2250"]
[BlackElo "2381"]
[PlyCount "80"]
[EventDate "2023.12.26"]
[EventType "swiss (rapid)"]
[EventRounds "11"]
[EventCountry "UZB"]
[SourceTitle "CB01_2024"]
[SourceDate "2024.01.03"]
[SourceVersion "1"]
[SourceVersionDate "2024.01.03"]
[SourceQuality "1"]

1. d4 d5 2. Nf3 Nf6 3. Bf4 c5 4. e3 Nc6 5. c3 cxd4 6. exd4 g6 7. Bd3 Bf5 8. Bxf5 gxf5 9. Nbd2 e6 10. Ne5 Rg8 11. Nxc6 bxc6 12. Qf3 Bd6 13. Bg3 Rg4 14. h3 Rg6 15. Bh4 c5 16. dxc5 Bxc5 17. Nb3 Be7 18. Bxf6 Bxf6 19. g4 fxg4 20. hxg4 h6 21. 0-0-0 Rc8 22. Kb1 Rc4 23. Qe3 Rcxg4 24. Rxh6 Qb6 25. Qxb6 axb6 26. Rxg6 Rxg6 27. a4 Rg2 28. f3 Rf2 29. Rd3 Kd7 30. Nd2 Kc6 31. b4 Bg5 32. Nb3 e5 33. b5+ Kc7 34. Rxd5 Rxf3 35. Kc2 f6 36. a5 Rf2+ 37. Kd3 Rf3+ 38. Kc2 Rf2+ 39. Kd3 Rf3+ 40. Kc2 Rf2+ 1/2-1/2

[Event "Wch Rapid (Women)"]
[Site "Samarkand"]
[Date "2023.12.26"]
[Round "3"]
[White "Kamalidenova, Meruert"]
[Black "Munguntuul, Batkhuyag"]
[Result "0-1"]
[WhiteElo "2383"]
[BlackElo "2381"]
[PlyCount "118"]
[EventDate "2023.12.26"]
[EventType "swiss (rapid)"]
[EventRounds "11"]
[EventCountry "UZB"]
[SourceTitle "CB01_2024"]
[SourceDate "2024.01.03"]
[SourceVersion "1"]
[SourceVersionDate "2024.01.03"]
[SourceQuality "1"]

1. e4 c6 2. d4 d5 3. Nd2 dxe4 4. Nxe4 Nf6 5. Nxf6+ exf6 6. c3 Bd6 7. Bd3 0-0 8. Qc2 Re8+ 9. Ne2 h5 10. Be3 Nd7 11. c4 Nf8 12. 0-0-0 a6 13. Kb1 b5 14. c5 Bb8 15. Be4 Qc7 16. d5 Qe5 17. f3 Bf5 18. Nc3 Bxe4 19. fxe4 b4 20. Bd4 Qf4 21. g3 Qg4 22. h3 Qg6 23. Na4 Bxg3 24. Nb6 Rad8 25. Rhg1 h4 26. dxc6 Qxe4 27. Qxe4 Rxe4 28. Bf2 Rxd1+ 29. Rxd1 Ne6 30. Bg1 g5 31. Kc2 g4 32. Kd3 Re5 33. Bd4 Nxd4 34. Kxd4 Bf2+ 35. Kd3 Rxc5 36. hxg4 Rxc6 37. Nd5 Kg7 38. Ke4 Rc2 39. Nf4 Rxb2 40. Rd8 Bg3 41. Nh5+ Kh7 42. Rf8 Re2+ 43. Kf5 Rf2+ 44. Ke4 Be5 45. Rxf7+ Kg6 46. Rg7+ Kh6 47. Ke3 Rxa2 48. Rd7 h3 49. Ng7 Kg5 50. Kf3 Ra3+ 51. Ke4 Kxg4 52. Nf5 h2 53. Rg7+ Kh3 54. Rh7+ Kg2 55. Nh4+ Kf1 56. Nf3 Kg2 57. Nh4+ Kg1 58. Rg7+ Bg3 59. Nf3+ Rxf3 0-1

[Event "Wch Rapid (Women)"]
[Site "Samarkand"]
[Date "2023.12.26"]
[Round "4"]
[White "Munguntuul, Batkhuyag"]
[Black "Zhu, Jiner"]
[Result "0-1"]
[WhiteElo "2381"]
[BlackElo "2467"]
[PlyCount "126"]
[EventDate "2023.12.26"]
[EventType "swiss (rapid)"]
[EventRounds "11"]
[EventCountry "UZB"]
[SourceTitle "CB01_2024"]
[SourceDate "2024.01.03"]
[SourceVersion "1"]
[SourceVersionDate "2024.01.03"]
[SourceQuality "1"]

1. e4 c5 2. Nf3 Nc6 3. d4 cxd4 4. Nxd4 Nf6 5. Nc3 d6 6. Bg5 Bd7 7. Qd2 Rc8 8. 0-0-0 Nxd4 9. Qxd4 Qa5 10. Be3 a6 11. f3 b5 12. Kb1 e5 13. Qb6 Qxb6 14. Bxb6 Bc6 15. a4 bxa4 16. Bxa6 Rb8 17. Bc7 Ra8 18. Bc4 Kd7 19. Bb6 Rb8 20. Be3 Be7 21. Bxf7 Rhc8 22. Nd5 Bxd5 23. exd5 Rc4 24. Be6+ Kd8 25. Bd2 Nd7 26. Rhe1 Nc5 27. Bf5 g6 28. Be4 Kd7 29. Re2 Bd8 30. Be1 Bb6 31. Ka2 Ba7 32. h4 Ke7 33. g3 Kf7 34. Kb1 Nxe4 35. Rxe4 Bd4 36. c3 a3 37. b4 Rxc3 38. Bxc3 Bxc3 39. Ka2 Rxb4 40. Rxb4 Bxb4 41. Rb1 Bc5 42. Rb7+ Kg8 43. g4 h5 44. gxh5 gxh5 45. Rd7 Kh8 46. Kb3 Kg8 47. Rc7 Bf2 48. Kxa3 Bxh4 49. Rd7 Bf2 50. Kb3 Bc5 51. Kc4 h4 52. Rb7 Bf2 53. Rb2 Bg3 54. Kb5 h3 55. Kc6 h2 56. Rb1 Kf7 57. Kb5 Kf6 58. Kc4 Kf5 59. Kd3 Bf2 60. Rh1 Bg1 61. Ke2 Kf4 62. Ke1 Kxf3 63. Kf1 e4 0-1

[Event "Ugra-Mongolia (Women) m"]
[Site "Khanty-Mansiysk"]
[Date "2023.12.11"]
[Round "3.5"]
[White "Alekseenko, Mariya"]
[Black "Munguntuul, Batkhuyag"]
[Result "1/2-1/2"]
[WhiteElo "1970"]
[BlackElo "2381"]
[PlyCount "88"]
[EventDate "2023.12.11"]
[EventType "schev (rapid)"]
[EventRounds "6"]
[EventCountry "RUS"]
[SourceTitle "CB51_2023"]
[SourceDate "2023.12.20"]
[SourceVersion "1"]
[SourceVersionDate "2023.12.20"]
[SourceQuality "1"]
[WhiteTeam "Ugra"]
[BlackTeam "Mongolia"]
[WhiteTeamCountry "RUS"]
[BlackTeamCountry "MGL"]

1. c4 c6 2. Nf3 d5 3. b3 Bg4 4. Bb2 Nd7 5. d3 Ngf6 6. Nbd2 e6 7. g3 Bd6 8. Bg2 0-0 9. 0-0 e5 10. Qc2 h6 11. e4 dxe4 12. dxe4 Re8 13. h3 Bxf3 14. Nxf3 Bc5 15. Rad1 Qc7 16. Kh2 Nf8 17. Bc3 a5 18. Qb2 Ng6 19. Rfe1 b5 20. cxb5 cxb5 21. Rc1 b4 22. Bd2 Rac8 23. Be3 Nxe4 24. Rc4 f5 25. Bxc5 Nxc5 26. Rec1 Qd6 27. Qc2 e4 28. Nd4 Re5 29. Nxf5 Rxf5 30. Bxe4 Rf6 31. Bxg6 Rcf8 32. Bh7+ Kh8 33. f4 Ne6 34. Rd1 Qb8 35. Bg6 Nxf4 36. gxf4 Rxf4 37. Rxf4 Qxf4+ 38. Kg1 Qe3+ 39. Kh1 Qxh3+ 40. Kg1 Qg4+ 41. Kh1 Qf3+ 42. Kg1 Qe3+ 43. Kh1 Qf3+ 44. Kg1 Qe3+ 1/2-1/2

[Event "FIDE Grand Swiss (Women)"]
[Site "Douglas"]
[Date "2023.11.05"]
[Round "11"]
[White "Munguntuul, Batkhuyag"]
[Black "Vaishali, Ramesh Babu"]
[Result "1/2-1/2"]
[WhiteElo "2366"]
[BlackElo "2448"]
[PlyCount "67"]
[EventDate "2023.10.25"]
[EventType "swiss"]
[EventRounds "11"]
[EventCountry "IOM"]
[SourceTitle "Mega2024 Update 01"]
[Source "Chessbase"]
[SourceDate "2023.11.12"]
[SourceVersion "1"]
[SourceVersionDate "2023.11.12"]
[SourceQuality "1"]

1. e4 e5 2. Nf3 Nc6 3. Bb5 a6 4. Ba4 Nf6 5. d3 d6 6. c3 Bd7 7. 0-0 h6 8. Re1 g5 9. d4 g4 10. Nh4 Nxe4 11. Rxe4 Qxh4 12. dxe5 0-0-0 13. e6 fxe6 14. Qxg4 Qxg4 15. Rxg4 h5 16. Re4 d5 17. Re1 Bd6 18. Bg5 Rdf8 19. Nd2 Ne5 20. Bxd7+ Kxd7 21. h4 Nd3 22. Re2 e5 23. b4 b5 24. Nb3 e4 25. Rd1 c6 26. Nd4 Ne5 27. a4 Rf7 28. axb5 axb5 29. Ra1 Rc8 30. Ra7+ Rc7 31. Ra8 Rc8 32. Ra7+ Rc7 33. Ra8 Rc8 34. Rea2 1/2-1/2

[Event "Asian Games tt (Women)"]
[Site "Hangzhou"]
[Date "2023.10.06"]
[Round "8.14"]
[White "Munguntuul, Batkhuyag"]
[Black "Omonova, Umida"]
[Result "0-1"]
[WhiteElo "2366"]
[BlackElo "2147"]
[PlyCount "104"]
[EventDate "2023.09.29"]
[EventType "team-tourn"]
[EventRounds "9"]
[EventCountry "CHN"]
[SourceTitle "EXT 2024"]
[Source "ChessBase"]
[SourceDate "2023.10.10"]
[SourceVersion "1"]
[SourceVersionDate "2023.10.10"]
[SourceQuality "1"]
[WhiteTeam "Mongolia (W)"]
[BlackTeam "Uzbekistan (W)"]
[WhiteTeamCountry "MGL"]
[BlackTeamCountry "UZB"]

1. e4 e5 2. Nf3 Nc6 3. Bb5 Nf6 4. Qe2 a6 5. Ba4 d6 6. c3 b5 7. Bb3 Na5 8. Bc2 c5 9. d4 Qc7 10. d5 Be7 11. Nbd2 Bd7 12. Nf1 c4 13. Ng3 Nb7 14. 0-0 h6 15. Bd2 g5 16. b4 a5 17. a4 axb4 18. cxb4 bxa4 19. Ra3 g4 20. Nh4 Nxe4 21. Bxe4 Bxh4 22. Nf5 Bg5 23. Bxg5 hxg5 24. Qxg4 Qd8 25. Rc1 Rh4 26. Qe2 Rf4 27. Rh3 Qf6 28. g4 a3 29. Ra1 a2 30. f3 Bxf5 31. gxf5 g4 32. fxg4 Nd8 33. Kh1 Qg7 34. Rg3 Qg5 35. h3 Kf8 36. Kh2 Ra4 37. Bc2 Ra8 38. Be4 Ra4 39. Bg2 Rd4 40. Rxa2 Rxa2 41. Qxa2 Qf4 42. Qa8 Rd3 43. Qxd8+ Kg7 44. f6+ Kh7 45. Be4+ Qxe4 46. Rxd3 cxd3 47. Qc7 Kg6 48. Qd8 Kg5 49. Qg8+ Kf4 50. h4 Kf3 51. h5 Qe2+ 52. Kh3 Qe1 0-1

[Event "Asian Games tt (Women)"]
[Site "Hangzhou"]
[Date "2023.10.03"]
[Round "5.6"]
[White "Vaishali, Ramesh Babu"]
[Black "Munguntuul, Batkhuyag"]
[Result "1-0"]
[WhiteElo "2448"]
[BlackElo "2366"]
[PlyCount "155"]
[EventDate "2023.09.29"]
[EventType "team-tourn"]
[EventRounds "9"]
[EventCountry "CHN"]
[SourceTitle "EXT 2024"]
[Source "ChessBase"]
[SourceDate "2023.10.10"]
[SourceVersion "1"]
[SourceVersionDate "2023.10.10"]
[SourceQuality "1"]
[WhiteTeam "India (W)"]
[BlackTeam "Mongolia (W)"]
[WhiteTeamCountry "IND"]
[BlackTeamCountry "MGL"]

1. e4 c6 2. d4 d5 3. exd5 cxd5 4. Bd3 Nc6 5. c3 Nf6 6. Bf4 Bg4 7. Qb3 Qd7 8. Nd2 e6 9. Ngf3 Bxf3 10. Nxf3 Bd6 11. Bxd6 Qxd6 12. 0-0 0-0 13. Rfe1 Qc7 14. a4 Rab8 15. Qc2 g6 16. Qd2 Kg7 17. Ne5 Nxe5 18. dxe5 Nd7 19. Qf4 Rbc8 20. Re3 f6 21. exf6+ Rxf6 22. Qxc7 Rxc7 23. h4 Nc5 24. Bc2 a5 25. g3 Nd7 26. Bd3 Nc5 27. Bc2 Nd7 28. Rd1 Nb6 29. Re2 Nc4 30. Bd3 Nd6 31. Kg2 Rcf7 32. f4 h5 33. Rde1 Re7 34. Re5 Kf7 35. Kf3 Rc7 36. Ra1 Nc4 37. Re2 Kf8 38. Kf2 Ke7 39. Rd1 Nd6 40. Bb1 Kf7 41. Ba2 Kf8 42. Rg1 Rc6 43. Ke3 Nc4+ 44. Kd3 Nb6 45. Bb3 Nd7 46. Bc2 Rb6 47. Rb1 Ke7 48. b4 Kd6 49. Kd4 axb4 50. cxb4 Rc6 51. Bd3 Rc8 52. a5 Ra8 53. Rc1 Nb8 54. Bb5 Rf5 55. Rce1 Rf6 56. Rc1 Rf5 57. Rec2 e5+ 58. fxe5+ Rxe5 59. Rc8 Re4+ 60. Kc3 Re3+ 61. Kb2 Rxg3 62. R1c7 Rg4 63. Kb3 Na6 64. Bxa6 Rxc8 65. Rxc8 bxa6 66. Ra8 Kc7 67. Rxa6 Rxh4 68. Rxg6 Rg4 69. Rh6 h4 70. b5 Kb7 71. Rh7+ Kb8 72. Rh8+ Kb7 73. Rh7+ Kb8 74. a6 Rg1 75. Kb4 d4 76. b6 Rg8 77. a7+ Ka8 78. Kb5 1-0

[Event "Asian Games tt (Women)"]
[Site "Hangzhou"]
[Date "2023.09.30"]
[Round "2.10"]
[White "Zhu, Jiner"]
[Black "Munguntuul, Batkhuyag"]
[Result "1/2-1/2"]
[WhiteElo "2493"]
[BlackElo "2366"]
[PlyCount "110"]
[EventDate "2023.09.29"]
[EventType "team-tourn"]
[EventRounds "9"]
[EventCountry "CHN"]
[SourceTitle "EXT 2024"]
[Source "ChessBase"]
[SourceDate "2023.10.10"]
[SourceVersion "1"]
[SourceVersionDate "2023.10.10"]
[SourceQuality "1"]
[WhiteTeam "China (W)"]
[BlackTeam "Mongolia (W)"]
[WhiteTeamCountry "CHN"]
[BlackTeamCountry "MGL"]

1. e4 c6 2. Nc3 d5 3. Nf3 dxe4 4. Nxe4 Nf6 5. Qe2 Nxe4 6. Qxe4 Qd5 7. Qh4 Bf5 8. Bc4 Qd6 9. 0-0 e6 10. d3 Be7 11. Bf4 Bxh4 12. Bxd6 Bf6 13. a4 Nd7 14. a5 Rd8 15. h3 h5 16. c3 g5 17. d4 g4 18. hxg4 hxg4 19. Nh2 Be7 20. Bc7 Rc8 21. Bf4 Nf6 22. Be5 Kd7 23. f3 gxf3 24. Rxf3 Rh6 25. Bd3 Bxd3 26. Rxd3 Rg8 27. Bxf6 Rxf6 28. Nf3 Kc7 29. Ne5 Bd6 30. Re1 Rf5 31. b4 Rg7 32. Re2 Rgg5 33. Nf3 Rg7 34. Nd2 Rh7 35. Rf3 Rxf3 36. Nxf3 Bg3 37. Re4 Rg7 38. Kf1 Kd6 39. c4 b5 40. axb6 axb6 41. Re3 f6 42. Ra3 b5 43. cxb5 cxb5 44. Ra5 Rb7 45. Ke2 Kd5 46. Kd3 Bd6 47. Kc3 e5 48. dxe5 fxe5 49. Ne1 e4 50. Nc2 Be5+ 51. Kb3 Bf4 52. Na3 Kc6 53. Ra6+ Kd5 54. Ra5 Kc6 55. Ra6+ Kd5 1/2-1/2

[Event "Asian Games (Women)"]
[Site "Hangzhou"]
[Date "2023.09.27"]
[Round "8"]
[White "Pham, Le Thao Nguyen"]
[Black "Munguntuul, Batkhuyag"]
[Result "1-0"]
[WhiteElo "2380"]
[BlackElo "2366"]
[PlyCount "94"]
[EventDate "2023.09.24"]
[EventType "swiss (rapid)"]
[EventRounds "9"]
[EventCountry "CHN"]
[SourceTitle "EXT 2024"]
[Source "ChessBase"]
[SourceDate "2023.10.10"]
[SourceVersion "1"]
[SourceVersionDate "2023.10.10"]
[SourceQuality "1"]

1. d4 d5 2. Nf3 Nf6 3. Bf4 c5 4. e3 Nc6 5. Nbd2 Qb6 6. dxc5 Qxb2 7. Rb1 Qc3 8. Bb5 a6 9. Bxc6+ bxc6 10. 0-0 Qxc5 11. Nb3 Qa7 12. Ne5 Bd7 13. c4 e6 14. Na5 Qc5 15. Qa4 Qa3 16. Qxa3 Bxa3 17. Rb7 Bc8 18. Rxf7 Nh5 19. Naxc6 Rf8 20. Rxf8+ Kxf8 21. Rd1 Nxf4 22. exf4 Bb7 23. Na5 Bc8 24. h3 Rb8 25. cxd5 exd5 26. Rxd5 Be6 27. Rd1 Rc8 28. Nac6 Bxa2 29. Ra1 Bd5 30. Rxa3 Bxc6 31. Rxa6 Bd5 32. Rd6 Ba8 33. Kh2 Bb7 34. Rd7 Ba6 35. Ra7 Bb5 36. h4 Rc2 37. Kg3 Rc3+ 38. f3 Be8 39. f5 Rc2 40. Ng4 Bb5 41. Ne3 Re2 42. Kf4 Rb2 43. h5 Rb4+ 44. Kg3 Rb3 45. Ng4 Bd3 46. h6 gxh6 47. f6 Bb5 1-0

[Event "Asian Games (Women)"]
[Site "Hangzhou"]
[Date "2023.09.26"]
[Round "6"]
[White "Liu, Tian Yi"]
[Black "Munguntuul, Batkhuyag"]
[Result "0-1"]
[WhiteElo "1204"]
[BlackElo "2366"]
[PlyCount "56"]
[EventDate "2023.09.24"]
[EventType "swiss (rapid)"]
[EventRounds "9"]
[EventCountry "CHN"]
[SourceTitle "EXT 2024"]
[Source "ChessBase"]
[SourceDate "2023.10.10"]
[SourceVersion "1"]
[SourceVersionDate "2023.10.10"]
[SourceQuality "1"]

1. e4 c5 2. Nf3 e6 3. c3 Nf6 4. e5 Nd5 5. d4 cxd4 6. cxd4 d6 7. Bd3 Nc6 8. Nc3 Nxc3 9. bxc3 dxe5 10. dxe5 Be7 11. 0-0 0-0 12. Qe2 Qc7 13. Qe4 g6 14. h4 b6 15. Re1 Bb7 16. Qg4 Rad8 17. Bc2 Nb4 18. cxb4 Qxc2 19. Bh6 Rfe8 20. a3 a5 21. Be3 axb4 22. axb4 b5 23. Ra7 Rd7 24. Ra5 Qc3 25. Rc1 Bxf3 26. Qxf3 Qxb4 27. Qc6 Red8 28. Qxb5 Rd1+ 0-1

[Event "FIDE World Cup (Women)"]
[Site "Baku"]
[Date "2023.07.31"]
[Round "1.2"]
[White "Yuan, Ye"]
[Black "Munguntuul, Batkhuyag"]
[Result "1/2-1/2"]
[WhiteElo "2188"]
[BlackElo "2374"]
[PlyCount "248"]
[EventDate "2023.07.30"]
[EventType "k.o."]
[EventRounds "7"]
[EventCountry "AZE"]
[SourceTitle "EXT 2024"]
[Source "ChessBase"]
[SourceDate "2023.10.10"]
[SourceVersion "1"]
[SourceVersionDate "2023.10.10"]
[SourceQuality "1"]

1. d4 d5 2. c4 c6 3. Nf3 Nf6 4. Nc3 e6 5. e3 Nbd7 6. Qc2 Bd6 7. Rg1 h6 8. g4 e5 9. Be2 e4 10. Nd2 Bxh2 11. Rh1 Qc7 12. Nf1 Bd6 13. cxd5 cxd5 14. g5 Nh7 15. gxh6 Nhf6 16. Qb3 Rxh6 17. Rxh6 gxh6 18. Nb5 Qb8 19. Bd2 a6 20. Nxd6+ Qxd6 21. Bb4 Qc7 22. Qa3 Nb8 23. Bd6 Qd8 24. Ng3 Nc6 25. 0-0-0 Be6 26. Rh1 Ng8 27. Nh5 Qa5 28. Qb3 0-0-0 29. Bc5 Kc7 30. Kb1 b6 31. Ba3 Kb7 32. Rc1 Nge7 33. Nf4 Rc8 34. Rc3 Ng6 35. Ng2 b5 36. Rc5 Na7 37. Bb4 Qb6 38. a4 bxa4 39. Qxa4 Rxc5 40. Bxc5 Qc6 41. Qb4+ Nb5 42. Ne1 Qd7 43. Qb3 Kc8 44. Kc1 Nh4 45. Qa2 Nc7 46. Nc2 Bg4 47. Bf1 Bh3 48. Bxa6+ Nxa6 49. Qxa6+ Qb7 50. Qxh6 Qb5 51. Qf8+ Kb7 52. Qxf7+ Kc8 53. b4 Qd7 54. Qg8+ Kb7 55. Qf8 Nf3 56. Bd6 Qc8 57. Qf7+ Kc6 58. Bc5 Qd7 59. Qf6+ Be6 60. Qf8 Kb7 61. Qf6 Qf7 62. Qh6 Ng1 63. b5 Nh3 64. Qh4 Nxf2 65. Qd8 Nd3+ 66. Kd2 Qc7 67. Qf6 Qa5+ 68. Bb4 Nxb4 69. Qe7+ Bd7 70. Nxb4 Qxb5 71. Qc5 Bc6 72. Qxb5+ Bxb5 73. Nxd5 Kc6 74. Nc3 Bd3 75. Ke1 Kd6 76. Kf2 Ke6 77. Kg3 Kf5 78. Na4 Bb5 79. Nc5 Bc6 80. Kf2 Kg5 81. Ke1 Kf6 82. Kd2 Ke7 83. Kc3 Kd6 84. Na6 Bb5 85. Nb4 Ke6 86. Nc2 Bd3 87. Ne1 Bf1 88. Kb4 Kd5 89. Nc2 Bd3 90. Na3 Bf1 91. Nb5 Bd3 92. Nc3+ Kc6 93. Ka5 Bc2 94. Na2 Bd3 95. Nb4+ Kb7 96. Ka4 Bc4 97. Ka3 Kc7 98. Kb2 Kd6 99. Kc3 Bb5 100. Nc2 Bd3 101. Na3 Kd5 102. Kb4 Bf1 103. Nb5 Kc6 104. Nc3 Bd3 105. Nd1 Be2 106. Nf2 Kd5 107. Nh3 Bf1 108. Nf4+ Kc6 109. Kc3 Kd6 110. Kd2 Bc4 111. Ke1 Ke7 112. Kf2 Kf6 113. Nh5+ Kg5 114. Ng3 Bd3 115. Nf1 Kf5 116. Nd2 Kg4 117. Nb3 Bc4 118. Nc5 Kf5 119. Ke1 Bd5 120. Kd2 Kf6 121. Na6 Bc4 122. Nc7 Ke7 123. Kc3 Bd3 124. Nd5+ Kd6 1/2-1/2

[Event "Asian Continental (Women) op 20th"]
[Site "Almaty"]
[Date "2023.06.08"]
[Round "6"]
[White "Gomes, Mary Ann"]
[Black "Munguntuul, Batkhuyag"]
[Result "1-0"]
[WhiteElo "2315"]
[BlackElo "2397"]
[PlyCount "229"]
[EventDate "2023.06.04"]
[EventType "swiss"]
[EventRounds "9"]
[EventCountry "KAZ"]
[SourceTitle "CBM 214 Extra"]
[Source "ChessBase"]
[SourceDate "2023.07.31"]
[SourceVersion "1"]
[SourceVersionDate "2023.07.31"]
[SourceQuality "1"]

1. Nf3 d5 2. g3 Bg4 3. Bg2 c6 4. c4 e6 5. 0-0 Nd7 6. cxd5 cxd5 7. d3 Ngf6 8. Nc3 Be7 9. h3 Bxf3 10. Bxf3 0-0 11. d4 Rc8 12. Bf4 Nb6 13. Rc1 Nc4 14. b3 Na5 15. Na4 Ba3 16. Rxc8 Qxc8 17. Bc1 Be7 18. a3 h6 19. Qd3 Rd8 20. Bb2 Rd7 21. Rc1 Rc7 22. Rxc7 Qxc7 23. e3 Bd6 24. Kg2 Qe7 25. Qb5 b6 26. Bc3 Nb7 27. Qa6 Nd8 28. b4 Qc7 29. Qd3 Qc6 30. Nb2 Nb7 31. Bd2 Bb8 32. b5 Qd7 33. a4 Nd6 34. Qc2 Nde4 35. Nd3 Nxd2 36. Qxd2 Bd6 37. Qc3 Kf8 38. Ne5 Bxe5 39. dxe5 Ne8 40. Qd4 Nc7 41. e4 Ke7 42. h4 Ke8 43. h5 Qd8 44. Kf1 Kf8 45. Ke2 Kg8 46. Bg2 Qe7 47. Qc3 Qd8 48. Qc6 dxe4 49. Bxe4 Nd5 50. Bxd5 exd5 51. f4 d4 52. Kd3 Qf8 53. Kxd4 Qb4+ 54. Qc4 Qd2+ 55. Qd3 Qb4+ 56. Kd5 Qxa4 57. f5 Qg4 58. Kc6 Qxh5 59. Kc7 Qg4 60. Kb8 Qg5 61. Kxa7 Qe7+ 62. Kxb6 Qxe5 63. Ka6 Qa1+ 64. Kb7 Qh1+ 65. Kb8 Qg1 66. Qd6 Qf1 67. b6 Qxf5 68. b7 Qc2 69. Qc7 Qb3 70. Kc8 Qe6+ 71. Qd7 Qa6 72. Qe8+ Kh7 73. Qxf7 Qc6+ 74. Kb8 Qb5 75. g4 Qe5+ 76. Kc8 Qc5+ 77. Kd7 Qb5+ 78. Kd8 Qb6+ 79. Qc7 Qf6+ 80. Qe7 Qb6+ 81. Kc8 Qc6+ 82. Kb8 Qb6 83. Qe4+ Kh8 84. Qc4 Qd6+ 85. Ka7 Qa3+ 86. Qa6 Qe3+ 87. Ka8 Qe4 88. Qa3 Kh7 89. Qa5 Kh8 90. Qd8+ Kh7 91. Qd7 Qg2 92. Qf5+ Kh8 93. Qe6 Kh7 94. Ka7 Qg1+ 95. Ka6 Qa1+ 96. Kb6 Qb2+ 97. Kc7 Qc3+ 98. Kd7 Qb4 99. Qf5+ Kh8 100. Kc7 Qc3+ 101. Kb6 Qb4+ 102. Qb5 Qd6+ 103. Ka7 Qd4+ 104. Ka8 Qa1+ 105. Kb8 Qd4 106. Qe8+ Kh7 107. Qe6 Qb4 108. Qf5+ Kh8 109. Kc8 Qc4+ 110. Kd8 Qd4+ 111. Qd7 Qb6+ 112. Kc8 Qa6 113. Qd5 Kh7 114. Kc7 Qa7 115. Qb5 1-0

[Event "Asian Continental (Women) op 20th"]
[Site "Almaty"]
[Date "2023.06.05"]
[Round "2"]
[White "Sultanbek, Zeinep"]
[Black "Munguntuul, Batkhuyag"]
[Result "0-1"]
[WhiteElo "2024"]
[BlackElo "2397"]
[PlyCount "92"]
[EventDate "2023.06.04"]
[EventType "swiss"]
[EventRounds "9"]
[EventCountry "KAZ"]
[SourceTitle "CBM 214 Extra"]
[Source "ChessBase"]
[SourceDate "2023.07.31"]
[SourceVersion "1"]
[SourceVersionDate "2023.07.31"]
[SourceQuality "1"]

1. Nf3 d5 2. c4 e6 3. g3 Nf6 4. Bg2 dxc4 5. Qa4+ Bd7 6. Qxc4 c5 7. 0-0 Bc6 8. Rd1 Nbd7 9. d4 Rc8 10. Nc3 b5 11. Nxb5 Nb6 12. Qc2 Bxb5 13. dxc5 Nfd7 14. Bg5 Be7 15. Bxe7 Qxe7 16. Qc3 0-0 17. b4 Bxe2 18. Re1 Nd5 19. Qb3 Bxf3 20. Bxf3 Qg5 21. h4 Qf6 22. Bxd5 exd5 23. Qxd5 Rfd8 24. Qg5 Qc3 25. Rab1 Nf6 26. Qf5 h6 27. Re3 Qd2 28. a3 Rc7 29. Rbe1 a6 30. Qf4 Rcd7 31. Qc4 a5 32. c6 Rd4 33. Qc5 axb4 34. c7 Rc8 35. R1e2 Qd1+ 36. Re1 Qg4 37. axb4 Rd7 38. Rc1 Nd5 39. Re8+ Rxe8 40. c8Q Rxc8 41. Qxc8+ Kh7 42. b5 h5 43. Kh2 Qf5 44. Rc2 Nf6 45. Qc5 Ng4+ 46. Kg2 Qe4+ 0-1

[Event "Asian Continental blitz (Women) op 20th"]
[Site "Almaty"]
[Date "2023.06.03"]
[Round "9"]
[White "Munguntuul, Batkhuyag"]
[Black "Kairbekova, Amina"]
[Result "0-1"]
[WhiteElo "2408"]
[BlackElo "2163"]
[PlyCount "28"]
[EventDate "2023.06.03"]
[EventType "swiss (blitz)"]
[EventRounds "9"]
[EventCountry "KAZ"]
[SourceTitle "CBM 214 Extra"]
[Source "ChessBase"]
[SourceDate "2023.07.31"]
[SourceVersion "1"]
[SourceVersionDate "2023.07.31"]
[SourceQuality "1"]

1. e4 c5 2. Nf3 e6 3. d4 cxd4 4. Nxd4 Nf6 5. Nc3 Nc6 6. Nxc6 bxc6 7. e5 Nd5 8. Ne4 Qc7 9. f4 Rb8 10. c4 Bb4+ 11. Ke2 0-0 12. a3 Ba5 13. b4 f5 14. Nd6 Nc3+ 0-1

[Event "MGL-ch"]
[Site "Ulaanbaatar"]
[Date "2023.05.24"]
[Round "6"]
[White "Munguntuul, Batkhuyag"]
[Black "Bulgankhan, Ganzorig"]
[Result "1-0"]
[WhiteElo "2408"]
[BlackElo "2017"]
[PlyCount "73"]
[EventDate "2023.05.20"]
[EventType "tourn"]
[EventRounds "11"]
[EventCountry "MGL"]
[EventCategory "1"]
[SourceTitle "CBM 214 Extra"]
[Source "ChessBase"]
[SourceDate "2023.07.31"]
[SourceVersion "1"]
[SourceVersionDate "2023.07.31"]
[SourceQuality "1"]

1. e4 c5 2. Nf3 d6 3. d4 cxd4 4. Nxd4 Nf6 5. Nc3 a6 6. Nb3 e6 7. g4 h6 8. h4 b5 9. Bg2 Bb7 10. a3 Nfd7 11. Bf4 Ne5 12. Qe2 Nbd7 13. 0-0-0 Qc7 14. Rh3 Be7 15. Kb1 Nc4 16. Bc1 Bf6 17. Na2 g6 18. f4 h5 19. e5 dxe5 20. Rxd7 Qxd7 21. Nc5 Qc7 22. Nxb7 Rb8 23. g5 Be7 24. b3 Nxa3+ 25. Bxa3 Bxa3 26. b4 0-0 27. Rxa3 Rxb7 28. Bxb7 Qxb7 29. Qxe5 Rd8 30. Nc3 Qh1+ 31. Kb2 Qxh4 32. Rxa6 Qg3 33. Ne4 Qg1 34. Ra1 Qg2 35. Ra7 Qg1 36. Nf6+ Kf8 37. Rxf7+ 1-0